banner-ar

نيوروسيكولوجيا - معالجة اللغة واضطرابات التخاطب : (Record no. 9805)

MARC details
000 -الفاتح
حقل البيانات ثابتة الطول 00901nam a2200241Ia 4500
008 - عناصر البيانات ثابتة الطول - معلومات عامة
حقل البيانات ثابتة الطول 140319s9999 xx 000 0 ara d
020 ## - الرقم الدولى المعيارى للكتب
الرقم الدولى المعيارى للكتاب 1223405977
040 ## - مصدر الفهرسة
وكالة الفهرسة الأصلية GCL /
وكالة النسخ GCL
082 04 - رقم تصنيف ديوى العشرى
رقم التصنيف 616.855
رقم المادة ح ن
100 1# - المدخل الرئيسى - إسم شخصى
الإسم الشخصى حمدى على الفرماوى
245 10 - بيان العنوان
العنوان نيوروسيكولوجيا - معالجة اللغة واضطرابات التخاطب :
بقية العنوان موجهات تشخيصية وعلاجية واسرية /
بيان المسئوليه,etc حمدى على الفرماوى
260 ## - PUBLICATION, DISTRIBUTION, ETC. (IMPRINT)
تاريخ النشر أو التوزيع 2006
300 ## - الوصف المادى
التعداد 337 ص ؛
أبعاد الوعاء 24 سم
650 04 - المدخل الاضافى بالموضوع-مصطلح موضوعى
مصطلح موضوعي علم النفس اللغوى
650 04 - المدخل الاضافى بالموضوع-مصطلح موضوعى
مصطلح موضوعي الاطفال - لغة
650 04 - المدخل الاضافى بالموضوع-مصطلح موضوعى
مصطلح موضوعي التلعثم
650 04 - المدخل الاضافى بالموضوع-مصطلح موضوعى
مصطلح موضوعي النطق - عيوب
650 04 - المدخل الاضافى بالموضوع-مصطلح موضوعى
مصطلح موضوعي صعوبات التعلم
650 04 - المدخل الاضافى بالموضوع-مصطلح موضوعى
مصطلح موضوعي اللغة - تعليم وتدريس
650 04 - المدخل الاضافى بالموضوع-مصطلح موضوعى
مصطلح موضوعي اللغة - اضطرابات
942 ## - عناصر المدخل الإضافي( كوها)
مصدر التصنيف او مخطط الترفيف Dewey Decimal Classification
Koha [default] item type كتاب
260 ## - PUBLICATION, DISTRIBUTION, ETC. (IMPRINT)
-- القاهرة :
-- مكتبة الانجلوالمصرية ،
Holdings
حالة التراجع حالة الفقد حالة تلف ليس للاعارة المكان المؤقت الموقع الحالى تاريخ الاكتساب اجمالي اﻻعارات رقم الطلب الباركود تاريخ اخر مشاهدة تاريخ تفعيل السعر نوع وعاء كوها
        مكتبة القاهرة الكبرى مكتبة القاهرة الكبرى 03/26/2014   616.855\ح ن 20259 03/26/2014 03/26/2014 كتاب

Powered By

EGPV